| 000 | 01740nas a2200277Ia 4500 | ||
|---|---|---|---|
| 001 | R050-S2038 | ||
| 003 | IT-CnALBA | ||
| 008 | 170116c99999999xx |||||||||||| ||und|| | ||
| 040 |
_aIT-CnALBA _cIT-CnALBA |
||
| 041 | _aLATINO | ||
| 100 | _aPIO XII, PAPA PACELLI EUGENIO. | ||
| 210 | _aCOMMENTARIUM PRO RELIGIOSIS ET MISSIONARIIS | ||
| 222 | _aCOMMENTARIUM PRO RELIGIOSIS ET MISSIONARIIS | ||
| 245 | 0 | _aCOMMENTARIUM PRO RELIGIOSIS ET MISSIONARIIS. GENNAIO DICEMBRE 1950. | |
| 250 | _a1a ed. | ||
| 260 |
_a ROMA _bVATICANA - LIBR. EDITR. POLIGL. _c1950 [1° Ed.:1950 - Ed.Ling.Originale: 1950] |
||
| 300 | _a316 p. (prefazione: 16) | ||
| 310 | _aBIMESTRALE | ||
| 362 | _aFascicolo: 1-6 / Anno: 31 (1950) | ||
| 500 | _aRIVISTA PER RELIGIOSI E MISSIONARI EDITA DAI FIGLI DEL CUORE DELLA BEATA VERGINE MARIA. ATTI DOCUMENTI CONSULTAZIONI STUDI INDICE SISTEMATICO. PERSONE. BOLLA DEL GIUBILEO. DECRETO DEL S. OFFICIO SUL COMUNISMO. DECRETO DELLA CONGREGAZIONE DEL CONCILIO SULLA FACOLTÀ DI LEGIFERARE SULLE MESSE. STUDI CANONICI. SULLA DISPENSA DEI VOTI RISERVATI E SUL CELIBATO. ASSOCIAZIONI RELIGIOSE PRESSO GLI ANGLICANI. | ||
| 501 | _aSocietà San Paolo EM - Piazza San Paolo, 14 - 12051 ALBA (CN) (non commercial uses only) ® Copyright 2017 | ||
| 520 | _aRIVISTA PER RELIGIOSI E MISSIONARI EDITA DAI FIGLI DEL CUORE DELLA BEATA VERGINE MARIA. ATTI DOCUMENTI CONSULTAZIONI STUDI INDICE SISTEMATICO. PERSONE. BOLLA DEL GIUBILEO. DECRETO DEL S. OFFICIO SUL COMUNISMO. DECRETO DELLA CONGREGAZIONE DEL CONCILIO SULLA FACOLTÀ DI LEGIFERARE SULLE MESSE. STUDI CANONICI. SULLA DISPENSA DEI VOTI RISERVATI E SUL CELIBATO. ASSOCIAZIONI RELIGIOSE PRESSO GLI ANGLICANI. | ||
| 650 | _aMISSIOLOGIA | ||
| 942 | _cCR | ||
| 957 | _71 | ||
| 999 |
_a63936 _bNO _g1 _c330636 _d330636 |
||